| 000 | 00350nam a22001577a 4500 | ||
|---|---|---|---|
| 003 | SGT | ||
| 020 | _a9780071072564 | ||
| 082 | _a620.112,RAT | ||
| 100 | _aRATTAN,S.S. | ||
| 245 | _aSTRENGTH OF MATERIALS | ||
| 250 | _a2ND | ||
| 260 |
_aNEW DELHI _bMC GRAW HILL _c2015 |
||
| 300 | _a737 | ||
| 650 | _aMECHANICAL ENGINEERING | ||
| 942 |
_2ddc _cBK _04 |
||
| 999 |
_c23105 _d23105 |
||